Východiská štátneho rozpočtu na budúci rok

Podrobná bibliografia
Hlavný autor: Tománek, Stanislav (Autor)
Médium: Článok
Jazyk:slovenčina
Predmet:

MARC

LEADER 00000nab a2200000 a 4500
001 vtls000600313
003 SK-MaSNL
005 20260303015956.0
008 160401c1996 xo 0 slo
015 |a SNBRB19rr/mm-uuuuu 
035 |a CL0600452 
040 |a SNKBUCL  |b slo  |c SNKBUCL  |e AACR2 
041 0 |a slo 
044 |a xo  |c SK 
080 |a 336.121(437.6)  |2 1981 
100 1 |a Tománek, Stanislav  |4 aut  |9 883002 
245 1 0 |a Východiská štátneho rozpočtu na budúci rok  |c Stanislav Tománek 
650 0 7 |a štátny rozpočet  |2 snkbucl  |9 2364 
655 7 |a články z novín a časopisov  |2 snkbucl  |9 267496 
773 0 |t Slovenská republika  |g Roč. 4, č. 243 (17. 10. 1996), s. 3 
850 |a Slovenská národná knižnica v Martine  |a MTA001 
852 |a SNK  |b KIS3GCP 
958 |a SK 
958 |a RK 
958 |a RBX 
999 |c 1615905  |d 1617835